| 000 | 01034nam0a22003011 4500 | ||
|---|---|---|---|
| 001 | RU\INFOCOMM_327\NLR\5000004964 | ||
| 005 | 20250613102910.0 | ||
| 035 | _a(NLR Aleph) 009453592 | ||
| 090 |
_a8421523 _c8421523 |
||
| 100 | _a20121204d1991 |||y0rusy50 ca | ||
| 101 | 0 | _aeng | |
| 102 |
_aIN _aRU |
||
| 105 | _ay z ||||| | ||
| 200 | 1 |
_aRaj Kapoor _eHis life a. his films _e[An album _fPresented by his daughter Ritu Nanda] |
|
| 210 |
_aBombay _cR. K. films & studios _aM. _cIskusstvo _d1991 |
||
| 215 |
_a176 с. _cил., цв. ил., портр. _d30 см |
||
| 300 | _aНа шмуцтит.: 100 anniversary of the cinema, 1895-1995 | ||
| 320 | _aФильмогр.: с. 174-175 | ||
| 600 | 1 |
_aКапур _bР. _f1924-1988 _gРадж _2nlr_sh1 |
|
| 620 | _aМосква | ||
| 686 |
_aЩ374.2(5Ил)6-86Капур _2rubbk |
||
| 702 | 1 |
_aNanda _bR. _gRitu _4000 |
|
| 702 | 1 |
_aKapoor _bR. _f1924- _gRaj _4570 |
|
| 801 | 1 |
_aRU _bNLR _c20121204 |
|
| 801 | 0 |
_aRU _bINFOCOMM _gPSBO |
|
| 852 |
_aNLR _jЭ АлИс930/2-К207 |
||
| 942 | _cBOOK | ||
| 980 | _aNB | ||